PHARMACOGNOSY (Record no. 9634)

MARC details
000 -LEADER
fixed length control field 00344nam a22001577a 4500
003 - CONTROL NUMBER IDENTIFIER
control field SGT
020 ## - INTERNATIONAL STANDARD BOOK NUMBER
International Standard Book Number 978-81-8473-558-1
082 ## - DEWEY DECIMAL CLASSIFICATION NUMBER
Classification number 615.321
Item number P11T
100 ## - MAIN ENTRY--PERSONAL NAME
Personal name TYLER, VARRO.E
245 ## - TITLE STATEMENT
Title PHARMACOGNOSY
250 ## - EDITION STATEMENT
Edition statement 9TH
260 ## - PUBLICATION, DISTRIBUTION, ETC. (IMPRINT)
Place of publication, distribution, etc NEW DELHI
Name of publisher, distributor, etc WOLTER / LIPPINCOTT
Year of Publication 2011
300 ## - PAGE DESCRIPTION
No. of Pages 519
650 ## - SUBJECT ADDED ENTRY--TOPICAL TERM
Topical term or geographic name as entry element PHARMACOGNOSY
942 ## - ADDED ENTRY ELEMENTS (KOHA)
Source of classification or shelving scheme Dewey Decimal Classification
Koha item type Books
942 ## - ADDED ENTRY ELEMENTS (KOHA)
-- 5
Holdings
Withdrawn status Lost status Source of classification or shelving scheme Damaged status Not for loan Collection code Home library Current library Shelving location Date acquired Vendor Name Cost, normal purchase price SGTU Bill Number Total Checkouts Full call number Accession No. (Barcode) Date last seen Date last borrowed Bill Date Koha item type
Withdrawn   Dewey Decimal Classification     PHARMACY SGT FA-FP Library SGT FA-FP Library Reference Book 25/07/2016 UNIVERSAL BOOK 995.00 SGTU 156 7 615.321 P11T FP1978 22/11/2021 01/11/2021 15/07/2016 Books
    Dewey Decimal Classification     PHARMACY SGT FA-FP Library SGT FA-FP Library Reference Book 25/07/2016 UNIVERSAL BOOK 995.00 SGTU 156 1 615.321 P11T FP1979 04/06/2021 04/06/2021 15/07/2016 Books
    Dewey Decimal Classification     PHARMACY SGT FA-FP Library SGT FA-FP Library Reference Book 25/07/2016 UNIVERSAL BOOK 995.00 SGTU 156 12 615.321 P11T FP1980 01/08/2025 08/07/2025 15/07/2016 Books
    Dewey Decimal Classification     PHARMACY SGT FA-FP Library SGT FA-FP Library Reference Book 25/07/2016 UNIVERSAL BOOK 995.00 SGTU 156 6 615.321 P11T FP1981 24/09/2024 19/09/2024 15/07/2016 Books
    Dewey Decimal Classification     PHARMACY SGT FA-FP Library SGT FA-FP Library Reference Book 25/07/2016 UNIVERSAL BOOK 995.00 SGTU 156 4 615.321 P11T FP1982 15/04/2026 02/04/2026 15/07/2016 Books